000 00571nam a2200181Ia 4500
003 OSt
005 20250902154513.0
020 _a0-19-572418-6
040 _cLC
050 _aPE 1128 .H 63 1981 V.3
_b25
100 _aHOCKING,BRIAN
245 0 _aGOAL:AN ENGLISH COURSE FOR KENYAN SECONDARY SCHOOLS
260 _aNAIROBI,
_bOXFORD UNIVERSITY PRESS,
_c1981,
300 _aViii,190 P, ILL
650 _aEnglish language Composition and exercises, English language Study and teaching (Secondary)Kenya
700 _aMATIRU BARBARA, MWOSA JANIS
942 _cBK
_2lcc
_n0
999 _c174022
_d174022